<?xml version="1.0" encoding="UTF-8"?>
<record
    xmlns:xsi="http://www.w3.org/2001/XMLSchema-instance"
    xsi:schemaLocation="http://www.loc.gov/MARC21/slim http://www.loc.gov/standards/marcxml/schema/MARC21slim.xsd"
    xmlns="http://www.loc.gov/MARC21/slim">

  <leader>00933nam a2200169 i 4500</leader>
  <controlfield tag="001">164152</controlfield>
  <controlfield tag="003">ES-MaACL</controlfield>
  <controlfield tag="005">20230906212900.0</controlfield>
  <controlfield tag="008">940301m18261829sp           |||| | spa d</controlfield>
  <datafield tag="040" ind1=" " ind2=" ">
    <subfield code="a">AS </subfield>
    <subfield code="b">spa</subfield>
  </datafield>
  <datafield tag="100" ind1="0" ind2=" ">
    <subfield code="a">Ruiz de Alarc&#xF3;n y Mendoza, Juan.</subfield>
    <subfield code="9">100719</subfield>
  </datafield>
  <datafield tag="245" ind1="1" ind2="0">
    <subfield code="a">Comedias escogidas de don Juan Ruiz de Alarc&#xF3;n y Mendoza </subfield>
    <subfield code="b">: tomo primero [-segundo].</subfield>
  </datafield>
  <datafield tag="260" ind1=" " ind2=" ">
    <subfield code="a">Madrid : </subfield>
    <subfield code="b">[s.n.], </subfield>
    <subfield code="c">1826-1829 (</subfield>
    <subfield code="f">Imprenta de Ortega y Compa&#xF1;&#xED;a)</subfield>
  </datafield>
  <datafield tag="300" ind1=" " ind2=" ">
    <subfield code="a">2 v. (509, [1] p. ; 586, [2] p.) ; </subfield>
    <subfield code="c">16 cm.</subfield>
  </datafield>
  <datafield tag="505" ind1="8" ind2=" ">
    <subfield code="a">Contiene: t. 1. Ganar amigos (p.3-122) ; La verdad sospechosa (p.123-256) ; El ex&#xE1;men de Maridos (p. 257-380) ; Las Paredes oyen (p. 381-509) -- t. 2. Los empe&#xF1;os de su enga&#xF1;o (p. 3-128) ; Quien enga&#xF1;a m&#xE1;s a quien (p. 129-250) ; Nunca mucho costo poco (p. 251-462) ; El Tejedor de Segovia, segunda parte (p.463-586).</subfield>
  </datafield>
  <datafield tag="852" ind1=" " ind2=" ">
    <subfield code="x">    </subfield>
    <subfield code="a">BA      </subfield>
    <subfield code="j">R-2400-01      </subfield>
    <subfield code="z">-- Enc. pasta    </subfield>
    <subfield code="x">-- Olim: F-1383-84</subfield>
  </datafield>
  <datafield tag="999" ind1=" " ind2=" ">
    <subfield code="c">164152</subfield>
    <subfield code="d">164152</subfield>
  </datafield>
  <datafield tag="952" ind1=" " ind2=" ">
    <subfield code="0">0</subfield>
    <subfield code="1">0</subfield>
    <subfield code="4">0</subfield>
    <subfield code="7">0</subfield>
    <subfield code="8">LIBXIX</subfield>
    <subfield code="a">ATENEOM</subfield>
    <subfield code="b">ATENEOM</subfield>
    <subfield code="c">DEPO</subfield>
    <subfield code="d">2008-01-17</subfield>
    <subfield code="l">0</subfield>
    <subfield code="o">R-2400-01</subfield>
    <subfield code="p">1172043</subfield>
    <subfield code="r">2023-02-23 00:00:00</subfield>
    <subfield code="w">2023-02-23</subfield>
    <subfield code="y">MONANT</subfield>
  </datafield>
</record>
